000 00576nam a2200145Ia 4500
008 090124s9999 xx 000 0 und d
082 _b202199
245 _a कापड रंगविणे अर्थात रंगाई आणि छपाई
250 _a1
260 _bभागवत रा. शं.
_c1962
300 _a125
630 _a कापड रंगविणे अर्थात रंगाई आणि छपाई
730 _a कापड रंगविणे अर्थात रंगाई आणि छपाई
942 _cBOOK
999 _c183780
_d183780